Wards of Enfield, London - Statistics

General Stats
  • This quiz has been taken 21 times
  • The average score is 8 of 21
Answer Stats
Answer % Correct
Southgate
79%
Enfield Lock
71%
Palmers Green
64%
Cockfosters
57%
Winchmore Hill
57%
Bush Hill Park
50%
Ponders End
50%
Chase
43%
Edmonton Green
43%
Bowes
36%
Lower Edmonton
36%
Turkey Street
36%
Upper Edmonton
36%
Jubilee
29%
Southbury
29%
Enfield Highway
21%
Grange
21%
Highlands
21%
Southgate Green
14%
Haselbury
7%
Town
7%
No matching quizzes found
Score Distribution
Percent of People with Each Score
Percentile by Number Answered
Your Score History
You have not taken this quiz